Kedudukan undang-undang Islam dalam Perlembagaan Malaysia : Suatu rujukan khas terhadap kes-kes konversi dalam undang-undang keluarga

Bibliographic Details
Main Author: Hamid Jusoh
Other Authors: Raja Rahawani Raja Mamat
Format: Book
Published: Kuala Lumpur : DBP , 1992
Subjects:

MARC

LEADER 00000cam a2200000 7i4500
001 0000004092
002 000004404
005 20000330.0
020 |a 983622999X 
090 0 0 |a 297.1409595   |b HAM 
100 0 |a Hamid Jusoh 
245 1 0 |a Kedudukan undang-undang Islam dalam Perlembagaan Malaysia :   |b Suatu rujukan khas terhadap kes-kes konversi dalam undang-undang keluarga   |c Hamid Jusoh 
260 |a Kuala Lumpur :   |b DBP ,   |c 1992 
300 |a 128 p. ;   |c 22 cm. 
650 0 0 |a Islamic law   |z Malaya   |x History 
650 0 0 |a Islamic law   |z Malaysia 
700 0 |a Raja Rahawani Raja Mamat 
999 |a 033408   |b BUKU   |c PINJAMAN   |e PERPUSTAKAAN KOMUNITI PETALING JAYA